Countries Closest to China - Statistics

General Stats
  • This quiz has been taken 6,582 times
    4,428 since last reset
  • The average score is 18 of 20
Answer Stats
km country miles % Correct
0 Russia 0
99%
0 India 0
97%
0 Mongolia 0
97%
0 North Korea 0
97%
263 South Korea 164
96%
331 Japan 205
95%
0 Vietnam 0
95%
0 Nepal 0
94%
0 Laos 0
92%
0 Pakistan 0
92%
0 Bhutan 0
89%
4 Taiwan 3
89%
115 Thailand 71
89%
0 Myanmar 0
88%
0 Kyrgyzstan 0
84%
0 Tajikistan 0
84%
0 Afghanistan 0
83%
94 Bangladesh 58
80%
108 Uzbekistan 67
79%
0 Kazakhstan 0
77%
No matching quizzes found
Score Distribution
Percent of People with Each Score
Percentile by Number Answered
Your Score History
You have not taken this quiz since the last reset